Southville International School and Colleges
Your cart is empty.
  • Cart
  • Lists
    Public lists Eva Luna New books Lux_list list_1
    Your lists Log in to create your own lists
  • Log in to your account
  • Your cookies
  • Search history
Southville International School and Colleges
  • Advanced search
  • Recent comments
  • Most popular
  • Libraries

Log in to your account

Log in with GOOGLE


If you do not have an external account, but do have a local account, you can still log in:

  1. Home
  2. MARC view: Introduction to philosophy /
Normal view MARC view ISBD view

Introduction to philosophy / (Record no. 117532)

[ view plain ]
MARC details
000 -LEADER
fixed length control field 00531nam a2200181Ia 4500
008 - FIXED-LENGTH DATA ELEMENTS--GENERAL INFORMATION
fixed length control field 140527s9999 xx 000 0 und d
020 ## - INTERNATIONAL STANDARD BOOK NUMBER
International Standard Book Number 9789712356636
050 ## - LIBRARY OF CONGRESS CALL NUMBER
Classification number B 21
Item number .R147 2010
100 ## - MAIN ENTRY--PERSONAL NAME
Personal name Ramos, Christine Carmela R.
245 ## - TITLE STATEMENT
Title Introduction to philosophy /
Statement of responsibility, etc Christine Carmela R. Ramos.
250 ## - EDITION STATEMENT
Edition statement 2nd ed.
260 ## - PUBLICATION, DISTRIBUTION, ETC. (IMPRINT)
Place of publication, distribution, etc Manila :
Name of publisher, distributor, etc Rex Book Store,
Date of publication, distribution, etc c2010.
300 ## - PHYSICAL DESCRIPTION
Extent 294 p. :
Dimensions 22 cm.
500 ## - GENERAL NOTE
General note Includes bibliographical references and index.
521 ## - TARGET AUDIENCE NOTE
Target audience note
942 ## - ADDED ENTRY ELEMENTS (KOHA)
Call number prefix Local
Koha item type Books
Holdings
Withdrawn status Lost status Damaged status Home library Current library Shelving location Date acquired Total Checkouts Total Renewals Full call number Barcode Date last seen Date checked out Price effective from Koha item type
      College Library College Library Filipiniana Section 05/28/2014 1 10 B 21 .R147 2010 C18140 11/22/2018 09/06/2018 05/28/2014 Books

Introduction to philosophy /

APA

Ramos C. C. R., . (2010). Introduction to philosophy. Manila: Rex Book Store.

Chicago

Ramos Christine Carmela R, . 2010. Introduction to philosophy. Manila: Rex Book Store.

Harvard

Ramos C. C. R., . (2010). Introduction to philosophy. Manila: Rex Book Store.

MLA

Ramos Christine Carmela R, . Introduction to philosophy. Manila: Rex Book Store. 2010.

  • Place hold
  • Print
  • Cite
  • Add to your cart (remove)
  • Save record
    BIBTEX Dublin Core MARCXML MARC (non-Unicode/MARC-8) MARC (Unicode/UTF-8) MARC (Unicode/UTF-8, Standard) MODS (XML) RIS
  • More searches
    Search for this title in:
    Other Libraries (WorldCat) Other Databases (Google Scholar) Online Stores (Bookfinder.com) Open Library (openlibrary.org)

Exporting to Dublin Core...

SOUTHVILLE LIBRARY

Southville International School and Colleges Library

1281 Tropical Ave. Cor. Luxembourg St., BF Homes International, Las Pinas City

Tel. No. 8256374 / 252358 Loc. 117/146

Powered by Koha